Appalachian migrants in urban America : cultural conflict or ethnic group formation? /

Bibliographic Details
Main Author: Philliber, William W., 1943-
Format: Book
Language:English
Published: New York, N.Y. : Praeger, 1981.
Subjects:

MARC

Tag First Indicator Second Indicator Subfields
LEADER 00000cam a22000008a 4500
001 in00000074803
005 20151008054802.0
008 810722s1981 nyu b 00110 eng
010 |a  81011949  
020 |a 0030596874 :  |c $19.95 
035 |a (OCoLC)07672108 
035 |9 AAJ1677AM 
039 0 |a 2  |b 3  |c 3  |d 3  |e 3 
040 |a DLC  |c DLC  |d TXA  |d UtOrBLW 
043 |a n-us---  |a n-us-oh 
049 |a TXAM  |c [1442317] 
050 0 0 |a F499.C59  |b M836 
082 0 |a 977.1/78  |2 19 
100 1 |a Philliber, William W.,  |d 1943- 
245 1 0 |a Appalachian migrants in urban America :  |b cultural conflict or ethnic group formation? /  |c William W. Philliber. 
263 |a 8112 
264 1 |a New York, N.Y. :  |b Praeger,  |c 1981. 
300 |a xiii, 138 pages ;  |c 24 cm. 
336 |a text  |b txt  |2 rdacontent 
337 |a unmediated  |b n  |2 rdamedia 
338 |a volume  |b nc  |2 rdacarrier 
500 |a Includes index. 
504 |a Bibliography: pages 130-135. 
650 0 |a Appalachians (People)  |z Ohio  |z Cincinnati. 
650 0 |a Rural-urban migration  |z United States. 
651 0 |a Cincinnati (Ohio)  |x Social conditions. 
999 |a MARS 
999 f f |s 3ad83cfb-6713-30f2-a6e4-3467e50da062  |i 623433cf-dc0a-3bf7-bb5f-bc613139a0e3  |t 0 
952 f f |p ric  |a Texas A&M University  |b Rellis Campus  |c Joint Library Facility  |d Remote Storage  |t 0  |e F499.C59 M836  |h Library of Congress classification  |i unmediated -- volume  |m A14806109914 
998 f f |a F499.C59 M836  |t 0  |l Remote Storage